[Event "Vienna op-B"]
[Site "Vienna"]
[Date "1995.??.??"]
[Round "4"]
[White "Schapovalenko, A."]
[Black "Bliberger, Karl"]
[Result "1-0"]
[WhiteElo "2085"]
[BlackElo "1810"]
[PlyCount "97"]
[EventDate "1995.??.??"]
[EventType "swiss"]
[EventRounds "9"]
[EventCountry "AUT"]
[SourceTitle "EXT 1998"]
[Source "ChessBase"]
[SourceDate "1997.11.17"]
[SourceVersion "1"]
[SourceVersionDate "1997.11.17"]
[SourceQuality "1"]

1. d4 f5 2. Nf3 Nf6 3. Bf4 e6 4. e3 Be7 5. c4 d6 6. Nc3 Nh5 7. Bg3 Nxg3 8. hxg3 Nd7 9. Bd3 Nf6 10. Qc2 c6 11. d5 cxd5 12. cxd5 0-0 13. dxe6 Bxe6 14. Nd4 Bd7 15. Nxf5 Bxf5 16. Bxf5 h6 17. 0-0 Qa5 18. Rad1 Rad8 19. Qb3+ Kh8 20. Bb1 Qh5 21. Qc2 Rc8 22. Rd4 g5 23. Qf5 Qf7 24. Rfd1 Rc5 25. Qd3 g4 26. Rf4 Qg7 27. Ne2 Rfc8 28. Nd4 Rc1 29. Nf5 Qg6 30. Rd4 Bf8 31. Nxd6 Qxd3 32. R4xd3 Rxd1+ 33. Rxd1 Bxd6 34. Rxd6 Rc1+ 35. Kh2 Rxb1 36. Rxf6 Rxb2 37. Rxh6+ Kg7 38. Rh4 Rxa2 39. Rxg4+ Kf6 40. Rf4+ Kg6 41. Rb4 b6 42. f4 Rc2 43. e4 Rc7 44. Kg1 Kh5 45. Rb5+ Rc5 46. Rxc5+ bxc5 47. Kf2 a5 48. Ke3 a4 49. Kd3 1-0

[Event "Vienna op-B"]
[Site "Vienna"]
[Date "1995.??.??"]
[Round "2"]
[White "Trkulja, Zoran"]
[Black "Bliberger, Karl"]
[Result "1-0"]
[WhiteElo "1970"]
[BlackElo "1810"]
[PlyCount "80"]
[EventDate "1995.??.??"]
[EventType "swiss"]
[EventRounds "9"]
[EventCountry "AUT"]
[SourceTitle "EXT 1998"]
[Source "ChessBase"]
[SourceDate "1997.11.17"]
[SourceVersion "1"]
[SourceVersionDate "1997.11.17"]
[SourceQuality "1"]

1. e4 c5 2. Nf3 a6 3. c3 e6 4. d4 b6 5. Bd3 Bb7 6. 0-0 d6 7. Nbd2 Nd7 8. Qe2 Be7 9. Rd1 Qc7 10. Nf1 Ngf6 11. Bf4 e5 12. dxe5 dxe5 13. Bg3 Nh5 14. Ne3 Nxg3 15. hxg3 0-0 16. Rd2 Rfd8 17. Nd5 Bxd5 18. exd5 b5 19. Re1 f6 20. Nh4 Bd6 21. b3 Nf8 22. Nf5 Kh8 23. c4 b4 24. g4 a5 25. Qe4 g6 26. Nh4 Qg7 27. Re3 a4 28. bxa4 Rxa4 29. Rh3 Kg8 30. Rg3 Qh6 31. g5 fxg5 32. Nf3 Nd7 33. Rh3 Qg7 34. Nxg5 Nf8 35. Qg4 e4 36. Qxe4 Be5 37. Rf3 Bd6 38. Rh3 Qa1+ 39. Bf1 Rxa2 40. Rxa2 Qxa2 1-0